Write ideas (Record no. 22291)

000 -LEADER
fixed length control field 00721nam a22002177a 4500
020 ## - INTERNATIONAL STANDARD BOOK NUMBER
ISBN 0022441840
040 ## - CATALOGING SOURCE
Transcribing agency GPO
082 ## - DEWEY DECIMAL CLASSIFICATION NUMBER
Classification number 808 MAC 1996 C260 Or.
100 ## - MAIN ENTRY--AUTHOR NAME
Personal name MACMILLAN
245 00 - TITLE STATEMENT
Title Write ideas
Remainder of title strategies for improving writing skills in the workplace /
246 30 - VARYING FORM OF TITLE
Title proper/short title Strategies for improving writing skills in the workplace
246 30 - VARYING FORM OF TITLE
Title proper/short title EPIC workplace learning project, 1995
300 ## - PHYSICAL DESCRIPTION
Number of Pages 1 volume
500 ## - GENERAL NOTE
General note Distributed to depository libraries in microfiche.
500 ## - GENERAL NOTE
General note Shipping list number: 98-0008-M.
650 #0 - SUBJECT ADDED ENTRY--TOPICAL TERM
Topical Term Composition (Language arts)
650 #0 - SUBJECT ADDED ENTRY--TOPICAL TERM
Topical Term Workplace literacy.
700 1# - ADDED ENTRY--PERSONAL NAME
Personal name Diller, Janelle.
710 2# - ADDED ENTRY--CORPORATE NAME
Corporate name or jurisdiction name as entry element Educational Resources Information Center (U.S.)
942 ## - ADDED ENTRY ELEMENTS (KOHA)
Koha item type ADB
952 ## - LOCATION AND ITEM INFORMATION (KOHA)
Withdrawn status [LOCAL, KOHA] 0
Holdings
Permanent Location Date acquired Koha item type Lost status Shelving location Barcode Current Location Full call number
Library Block C2023-12-01ADB C260A19145Library Block C808 MAC 1996 C260 Or.
មជ្ឈមណ្ឌលឯការនៃសាកលវិទ្យាល័យភូមិន្ទកសិកម្មចំការដូង

Powered by Koha